000 00498nam a2200181 4500
001 121144
003 ES-MaACL
005 20230906191710.0
007 t|
008 070214s1978 xxu r ||||1| eng d
100 1 _aPress, Frank.
_993787
245 1 0 _aEarth /
_cFrank Press, Raymond Siever.
250 _a2nd ed.
260 _aSan Francisco :
_bW. H. Freeman,
_c1978.
300 _aXI, 649 p. :
_bil. ;
_c25 cm.
700 1 _aSiever, Raymond.
_9106292
852 _aES-MaACL
_jL-2421
_bR.103329
999 _c121144
_d121144